000 01028nam a22003377a 4500
001 BR0103044
003 BR-BrBNA
005 20230928100900.0
007 ta
008 230509b bl.||||| |||| 00| 0 por d
040 _aBR-BrBNA
_bpor
_cBiblioteca Nacional de Agricultura
041 _a(Por)
072 _aP34
_b3103
_b4120
090 _ 3103 BR0103044
100 1 _aSouza, M.M. da S.R. de
110 1 _aEscola Superior de Agricultura Luiz de Queiroz, Piracicaba, SP (Brasil)
_0Tese (Doutor em Agronomia)
245 1 _aEcofisiologia de fungos micorrizicos arbusculares em Araucaria angustifolia
260 3 _aPiracicaba, SP (Brasil):
_c2000.
300 _a108 p.
500 _aSummaries (Eng, Por); Bibliography p. 86-108; 9 tables; 11 illus.
650 _aPinheiro-do-Parana
650 _aFungo
650 _aBiologia do Solo
650 _aEsporo
650 _aRizosfera
650 _aFosforo
650 _aBiodiversidade
650 _aMicorriza
909 _a202309
_bLucia
_c55
_dLucia Elande
942 _cBK
999 _c63236
_d63236